• 首页
  • 本馆介绍
  • 公告通知
  • 最新文献
  • 馆藏检索
  • 电子资源
  • 读者导购
  • 参考咨询
  • 我的图书馆
  • 登录
  • 详细信息显示
  • 放入我的书架
  • 预约/预借图书
  • 作者相关作品
  • 分类相关作品
  • 丛书相关作品
  • 出版社相关作品

书目信息

  • 表格格式
  • 工作单格式
  • 卡片格式
题名:
列宁著作典故
    
 
作者: 张启荣 , 周秀风 编
分册:  
出版信息: 北京   人民出版社  1984
页数: 652页
开本: 21cm
丛书名:
单 册:
中图分类: A821.2
科图分类:
主题词: 列宁著作研究--单行本
电子资源:
ISBN:
000 00661nam0 2200241 45
001 0184010403
005 20060819174718.84
010    @dCNY2.50
091    @a17001.113
100    @a19950320d1984 emky0chiy0121 ea
101 0  @achi
102    @aCN@b110000
105    @ay z 000yy
200 10 @a列宁著作典故@Alie ning zhu zuo dian gu@f周秀风,张启荣编@FZhou Xiu Feng,Zhang Qi Rong Bian
210    @a北京@c人民出版社@d1984
215    @a652页@d21cm
606 0  @a列宁著作研究@x单行本
690    @aA821.2@v3
701  0 @a张启荣@4编
701  0 @a周秀风@4编
801  2 @aCN@bNLC@c20060819
801  0 @aCN@b上海图书馆@c20060727
905    @dA821.2@e4@f1@b114521
    
    列宁著作典故/周秀风,张启荣编.-北京:人民出版社,1984
    652页;21cm
    
    
    ISBN :CNY2.50
    
●
相关链接 在E读中查询图书 在五车中查询图书 在当当中查询图书 在豆瓣中查询图书


正题名:列宁著作典故     索取号:A821.2/4         预约/预借

序号 登录号 条形码 馆藏地/架位号 状态 备注
1 0114017   000959591   第一借阅区/ [索取号:A821.2/4] 在馆    
2 0114018   000959751   第一样本阅览室/ [索取号:A821.2/4] 在馆    
3 0114019   202219866   密集书库/ [索取号:A821.2/4] 在馆    
4 0114521   001981449   第一借阅区/ [索取号:A821.2/4] 在馆    
5 0114522   001866822   密集书库/ [索取号:A821.2/4] 在馆    
6 0439966   204399668   密集书库/ [索取号:A821.2/4] 在馆    
7 0471211   204712114   密集书库/ [索取号:A821.2/4] 在馆    
欢迎您!
大连网信软件有限公司© 版权所有